Rapidité capitales européennes - Statistiques

Statistiques générales
  • Ce quiz a été pris 173 fois
  • Le résultat moyen est 9 sur 45
Statistiques - réponses
Hint Réponse % Correct
Varsovie Pologne
89%
Stockholm Suède
89%
Vienne Autriche
79%
Amsterdam Pays-Bas
78%
Helsinki Finlande
77%
Lisbonne Portugal
73%
Athènes Grèce
57%
Vilnius Lituanie
55%
Sarajevo Bosnie
49%
Bucarest Roumanie
47%
Riga Lettonie
43%
Sofia Bulgarie
34%
Madrid Espagne
34%
Minsk Biélorussie
22%
Skopje Macédoine du Nord
22%
Dublin Irlande
20%
Bruxelles Belgique
19%
Londres Royaume-Uni
16%
Berlin Allemagne
6%
Kiev Ukraine
4%
Pristina Kosovo
3%
Belgrade Serbie
2%
Copenhague Danemark
1%
Monaco Monaco
1%
Tirana Albanie
0%
Andorre-la-Vieille Andorre
0%
Nicosie Chypre
0%
Zagreb Croatie
0%
Tallinn Estonie
0%
Paris France
0%
Budapest Hongrie
0%
Reykjavik Islande
0%
Rome Italie
0%
Vaduz Liechtenstein
0%
Luxembourg Luxembourg
0%
La Valette Malte
0%
Chișinău Moldavie
0%
Podgorica Monténégro
0%
Oslo Norvège
0%
Moscou Russie
0%
Saint-Marin Saint-Marin
0%
Bratislava Slovaquie
0%
Ljubljana Slovénie
0%
Berne Suisse
0%
Prague Tchéquie
0%
Aucun quiz correspondant
Distribution des résultats
% des personnes avec chaque résultat
Percentile par nombre de réponses
Votre historique - résultats
Vous n’avez pas pris ce quiz